LEADER 01511nam 2200469 450 001 9910798670903321 005 20230803214342.0 010 $a93-86150-13-1 035 $a(CKB)3710000000847050 035 $a(EBL)4659908 035 $a(MiAaPQ)EBC4659908 035 $a(Au-PeEL)EBL4659908 035 $a(CaPaEBR)ebr11253357 035 $a(OCoLC)958385230 035 $a(EXLCZ)993710000000847050 100 $a20160915h20142014 uy 0 101 0 $aeng 135 $aur|n|---||||| 181 $2rdacontent 182 $2rdamedia 183 $2rdacarrier 200 00$aAnalgesia and anesthesia in labor and delivery-II /$feditor-in-chief Dwarkadas K. Baheti [and three others] 210 1$aNew Delhi, [India] :$cJaypee, The Health Sciences Publisher,$d2014. 210 4$dİ2014 215 $a1 online resource (193 p.) 225 0 $aWorld Clinic Anesthesia, Critical Care, Pain ;$vJanuary 2014, Volume 2, Number 1 300 $aDescription based upon print version of record. 311 $a93-5152-545-7 320 $aIncludes bibliographical references at the end of each chapters. 606 $aAnesthesia in obstetrics 606 $aAnalgesia 615 0$aAnesthesia in obstetrics. 615 0$aAnalgesia. 676 $a617.9682 702 $aBaheti$b Dwarkadas K. 801 0$bMiAaPQ 801 1$bMiAaPQ 801 2$bMiAaPQ 906 $aBOOK 912 $a9910798670903321 996 $aAnalgesia and anesthesia in labor and delivery-II$93685037 997 $aUNINA LEADER 04293nam 22007575 450 001 9910255013803321 005 20230810185955.0 010 $a9783319399720 024 7 $a10.1007/978-3-319-39972-0 035 $a(CKB)3710000000891702 035 $a(DE-He213)978-3-319-39972-0 035 $a(MiAaPQ)EBC4714258 035 $a(PPN)196320003 035 $a(EXLCZ)993710000000891702 100 $a20161007d2016 u| 0 101 0 $aeng 135 $aurnn|008mamaa 181 $ctxt$2rdacontent 182 $cc$2rdamedia 183 $acr$2rdacarrier 200 10$aComputational Autism /$fby Boris Galitsky 205 $a1st ed. 2016. 210 1$aCham :$cSpringer International Publishing :$cImprint: Springer,$d2016. 215 $a1 online resource (XI, 380 p. 149 illus., 78 illus. in color.) 225 1 $aHuman?Computer Interaction Series,$x2524-4477 311 $a3-319-39971-3 311 $a3-319-39972-1 320 $aIncludes bibliographical references at the end of each chapters. 327 $aIntroduction -- Computational Models of Autism -- Intuitive Theory of Mind -- Formalizing Theory of Mind -- Theory of Mind Engine -- Reasoning Beyond the Mental World -- Autistic Learning and Cognition -- Rehabilitating Autistic Reasoning --